Educational television is not an oxymoron (Record no. 38951)

000 -LEADER
fixed length control field 00406pab a2200145 454500
008 - FIXED-LENGTH DATA ELEMENTS--GENERAL INFORMATION
fixed length control field 180718b1998 xxu||||| |||| 00| 0 eng d
100 ## - MAIN ENTRY--PERSONAL NAME
Personal name Anderson, Daniel R.
245 ## - TITLE STATEMENT
Title Educational television is not an oxymoron
260 ## - PUBLICATION, DISTRIBUTION, ETC.
Date of publication, distribution, etc. 1998
300 ## - PHYSICAL DESCRIPTION
Extent p.24-38
362 ## - DATES OF PUBLICATION AND/OR SEQUENTIAL DESIGNATION
Dates of publication and/or sequential designation May
650 ## - SUBJECT ADDED ENTRY--TOPICAL TERM
Topical term or geographic name entry element Educational television
773 ## - HOST ITEM ENTRY
Main entry heading Annals of the American Academy of Political and Social Science
909 ## -
-- 38951
Holdings
Withdrawn status Lost status Damaged status Not for loan Permanent Location Current Location Date acquired Serial Enumeration / chronology Barcode Date last seen Price effective from Koha item type
        Indian Institute of Public Administration Indian Institute of Public Administration 2018-07-19 Issue no: (557) AR39312 2018-07-19 2018-07-19 Articles

Powered by Koha